[Event "11th Chennai Open-GM 2019"]
[Site "Chennai"]
[Date "2019.01.20"]
[Round "4"]
[White "Girish, A. Koushik"]
[Black "Deepan Chakkravarthy J."]
[Result "1-0"]
[WhiteElo "2411"]
[BlackElo "2543"]
[Annotator "TA"]
[PlyCount "89"]
[EventDate "2019.01.18"]
[EventType "swiss"]
[EventCountry "IND"]
[SourceTitle "playchess.com"]
[Source "ChessBase"]
[SourceQuality "1"]

{[%evp 19,89,0,29,35,72,67,126,122,118,109,106,77,82,79,92,45,68,62,48,29,45,0,39,21,89,89,98,83,89,93,91,80,208,209,216,218,209,222,217,213,208,145,139,139,149,152,137,134,138,140,141,133,175,162,194,173,243,226,273,272,341,340,345,339,455,466,828,807,975,837,2957,2287]} 1. d4 d5 2. Nf3 Nf6 3. c4 dxc4 4. e3 e6 5. Bxc4 a6 6. O-O c5 7. Qe2 b5 8. Bb3 Bb7 9. Rd1 Nbd7 10. Nc3 Be7 11. e4 {D29: Queen's Gambit Accepted: Classical main line: 7 Qe2 with early ...Nbd7} b4 (11... c4 12. Bc2 Qb6 13. e5 Nd5 14. Bg5 Nxc3 15. bxc3 Qd8 16. Be4 Bxe4 17. Qxe4 O-O 18. h4 Nb6 {½-½ (39) Mamedyarov,S (2791)-Eljanov,P (2720) Heraklio 2017}) 12. e5 bxc3 (12... Bxf3 $14 13. Qxf3 bxc3) 13. exf6 $16 {White is better.} Nxf6 14. Ba4+ ({Much worse is} 14. bxc3 $6 O-O $11) 14... Kf8 15. bxc3 Qa5 16. Bb3 cxd4 17. Nxd4 (17. Ne5 {feels hotter.} Qxc3 18. Bb2 Qc5 19. Bxd4 Qb5 20. Bc4) 17... Qh5 {[#]} 18. Qxh5 $146 ({Predecessor:} 18. f3 e5 19. g4 Qh3 20. Qxe5 Bxf3 21. Nxf3 Qxf3 22. Qxe7+ {1-0 (22) Gareyev,T (2613)-Van Wely,L (2683) Los Angeles 2011}) 18... Nxh5 19. c4 Nf6 20. f3 Bc5 {Hoping for ...e5.} 21. Kf1 Ke7 (21... e5 $11 22. Nf5 e4) 22. Ba4 $1 {Black must now prevent Rb1.} Rac8 23. Nb3 $1 {[%cal Rb3c5]} Bb4 24. Rb1 $36 {[%mdl 2048] Black is under strong pressure.} Ba8 {[#]} ({Not} 24... Rxc4 $2 25. Na5 $1 $18 {[%mdl 512]}) 25. Na5 $1 {[%mdl 512]} Bd6 {[#]} (25... Bc5 $16) (25... Bxa5 26. Ba3+) 26. Rb6 $1 $18 {[%cal Rb6d6]} Bc5 27. Rxa6 Rhd8 28. Rxd8 Rxd8 29. Ke2 {Bc6 is the strong threat.} Rc8 30. Bc6 Bxc6 31. Rxc6 Kd7 32. Rxc8 Kxc8 $16 {[%mdl 4096] Endgame KBN-KBN} 33. Nb3 Bd6 34. h3 Nd7 35. Be3 h5 36. c5 Bg3 37. Bd4 g5 (37... g6 {keeps fighting.} 38. Kd3 Nb8) 38. Kd3 f5 39. a4 {[%cal Ba2a4,Ba4a5][%mdl 32]} e5 40. Be3 Bh4 41. a5 Kb7 42. Kc4 {White is clearly winning.} g4 (42... Nf6 $142 43. Kb5 Nd5) 43. Kb5 $18 gxh3 44. c6+ Kc7 45. gxh3 {Accuracy: White = 78%, Black = 32%.} 1-0

[Event "11th Chennai Open-GM 2019"]
[Site "Chennai"]
[Date "2019.01.20"]
[Round "4"]
[White "Girish, A. Koushik"]
[Black "Deepan Chakkravarthy J."]
[Result "*"]
[WhiteElo "2411"]
[BlackElo "2543"]
[Annotator "TA"]
[PlyCount "41"]
[EventDate "2019.01.18"]
[EventType "swiss"]
[EventCountry "IND"]
[SourceTitle "playchess.com"]
[Source "ChessBase"]
[SourceQuality "1"]

{[%evp 18,19,2,0]} 1. d4 d5 2. Nf3 Nf6 3. c4 dxc4 4. e3 e6 5. Bxc4 a6 6. O-O c5 7. Qe2 b5 8. Bb3 Bb7 9. Rd1 Nbd7 10. Nc3 {LiveBook: 524 Games} {Predecessor:} Qb8 $146 11. e4 cxd4 12. Nxd4 Bd6 13. g3 O-O 14. f3 Rc8 15. Be3 Nf8 16. Rac1 h5 17. Qd2 Rd8 18. Nce2 h4 19. Bg5 hxg3 20. Bxf6 gxf6 21. Qh6 {1-0 (31) Svidler,P (2756)-Shankland,S (2722) Hoogeveen 2018} *

[Event "11th Chennai Open-GM 2019"]
[Site "Chennai"]
[Date "2019.01.20"]
[Round "4"]
[White "Rajesh, V A V"]
[Black "Saurabh Anand"]
[Result "*"]
[WhiteElo "2410"]
[BlackElo "2210"]
[Annotator "TA"]
[PlyCount "41"]
[EventDate "2019.01.18"]
[EventType "swiss"]
[EventCountry "IND"]
[SourceTitle "playchess.com"]
[Source "ChessBase"]
[SourceQuality "1"]

{[%evp 26,28,-13,-8,-12]} 1. d4 d5 2. c4 e6 3. Nc3 Be7 4. cxd5 exd5 5. Nf3 Nf6 6. Bg5 c6 7. Qc2 g6 8. e3 Bf5 9. Bd3 Bxd3 10. Qxd3 O-O 11. O-O Nbd7 12. Rab1 a5 13. Rfc1 Re8 {D36: Queen's Gambit Declined: Exchange Variation: Main line (5 Bg5 c6 6 Qc2)} 14. Nd2 {LiveBook: 8 Games} Nh5 (14... Kg7 15. h3 Nf8 16. a3 a4 17. Bxf6+ Bxf6 18. b3 axb3 19. Rxb3 Qd7 20. Nf3 Ne6 21. Qb1 {0-1 (83) Pridorozhni,A (2555)-Popov,I (2599) Moscow 2012}) {Predecessor:} 15. Bxe7 $146 Qxe7 16. Na4 f5 17. g3 Nhf6 18. Qb3 Qb4 19. a3 Qxb3 20. Nxb3 Ne4 21. Rc2 {0-1 (101) Roselli Mailhe,B (2385)-Diaz Hollemaert,N (2419) Sao Paulo 2008} *

[Event "11th Chennai Open-GM 2019"]
[Site "Chennai"]
[Date "2019.01.20"]
[Round "4"]
[White "Rajesh, V A V"]
[Black "Saurabh Anand"]
[Result "1/2-1/2"]
[WhiteElo "2410"]
[BlackElo "2210"]
[Annotator "RC"]
[PlyCount "56"]
[EventDate "2019.01.18"]
[EventType "swiss"]
[EventCountry "IND"]
[SourceTitle "playchess.com"]
[Source "ChessBase"]
[SourceQuality "1"]
[TimeControl "5400+30"]

1. d4 {[%emt 0:00:00]} d5 {[%emt 0:00:00]} 2. c4 {[%emt 0:00:00]} e6 {[%emt 0:00:00]} 3. Nc3 {[%emt 0:00:00]} Be7 {[%emt 0:00:13]} 4. cxd5 {[%emt 0:01:06]} exd5 {[%emt 0:00:12]} 5. Nf3 {[%emt 0:00:36]} Nf6 {[%emt 0:00:17]} 6. Bg5 {[%emt 0:00:52]} c6 {[%emt 0:00:17]} 7. Qc2 {[%emt 0:01:10]} g6 {[%emt 0:00:15]} 8. e3 {[%emt 0:00:41]} Bf5 {[%emt 0:00:16]} 9. Bd3 {[%emt 0:00:08]} Bxd3 {[%emt 0:00:23]} 10. Qxd3 {[%emt 0:00:06]} O-O {[%emt 0:00:50]} 11. O-O {[%emt 0:01:36]} Nbd7 {[%emt 0:00:30]} 12. Rab1 {[%emt 0:01:21]} a5 {[%emt 0:01:16]} 13. Rfc1 {[%emt 0:00:12]} Re8 {[%emt 0:03:46]} 14. Nd2 {[%emt 0:03:03]} Nh5 {[%emt 0:13:48]} 15. Bxe7 {[%emt 0:08:38]} Qxe7 {[%emt 0:00:38]} 16. b3 {[%emt 0:02:09]} f5 {[%emt 0:03:45]} 17. Re1 {[%emt 0:07:50]} Nhf6 {[%emt 0:03:45]} 18. f3 {[%emt 0:00:51]} Nb6 {[%emt 0:02:43]} 19. Na4 {[%emt 0:05:53]} Nc8 {[%emt 0:09:21]} 20. Rbc1 {[%emt 0:03:58]} Nd6 {[%emt 0:01:26]} 21. Nc3 {[%emt 0:04:21]} Kh8 {[%emt 0:01:50]} 22. Re2 {[%emt 0:01:07]} Qe6 {[%emt 0:07:33]} 23. Rce1 {[%emt 0:02:03]} Re7 {[%emt 0:00:56]} 24. Na4 {[%emt 0:10:22]} Nd7 {[%emt 0:01:18]} 25. Nc3 {[%emt 0:02:57]} Nf6 {[%emt 0:00:31]} 26. Na4 {[%emt 0:02:33]} Nd7 {[%emt 0:00:40]} 27. Nc5 Nxc5 28. dxc5 Nf7 1/2-1/2

[Event "11th Chennai Open-GM 2019"]
[Site "Chennai"]
[Date "2019.01.20"]
[Round "4"]
[White "Rathnakaran, K.."]
[Black "Tran, Tuan Minh"]
[Result "0-1"]
[WhiteElo "2373"]
[BlackElo "2541"]
[Annotator "TA RC"]
[PlyCount "74"]
[EventDate "2019.01.18"]
[EventType "swiss"]
[EventCountry "IND"]
[SourceTitle "playchess.com"]
[Source "ChessBase"]
[SourceQuality "1"]

{[%evp 15,74,14,23,2,7,-57,-49,-89,-52,-54,-54,-80,-48,-100,-95,-132,-110,-158,-160,-208,-182,-190,-170,-174,-171,-172,-169,-200,-178,-252,-247,-268,-213,-232,-218,-208,-204,-227,-160,-187,-187,-181,-165,-192,-134,-260,-267,-260,-263,-242,-245,-630,-624,-933,-899,-5214,-5206,-29989,-29983,-29989,-29989]} 1. e4 c5 2. Nf3 d6 3. c3 Nf6 4. Bd3 Nc6 5. Bc2 Bg4 6. d3 g6 7. Nbd2 Bg7 8. h3 Bd7 {LiveBook: 30 Games. B50: Sicilian: 2...d6, Miscellaneous} 9. Nf1 (9. O-O O-O 10. a3 b5 11. Re1 a5 12. d4 cxd4 13. cxd4 e5 14. dxe5 Nxe5 15. Nxe5 dxe5 16. Nf3 {½-½ (69) Korobov,A (2652)-Xu,Y (2526) Tegernsee 2017}) 9... b5 {[%cal Bb7b5,Bb5b4][%mdl 32]} 10. g4 $146 (10. Bd2 $11) ({Predecessor:} 10. Ne3 O-O 11. O-O b4 12. Bd2 Rb8 13. cxb4 Nxb4 14. Bc3 Qc8 15. Kh2 Qa6 16. Qb1 {0-1 (29) Csuta,A (1814)-Toviskes,A (2012) Puspokladany 2014}) 10... b4 {Black is slightly better.} 11. Ng3 O-O 12. Bd2 Rb8 13. Nh2 Qa5 14. a3 (14. O-O $15) 14... bxc3 $17 15. Bxc3 Qa6 16. g5 Ne8 17. Ng4 Nd4 18. Nh6+ Bxh6 19. gxh6 e5 20. Bxd4 cxd4 21. b4 Rc8 22. Ne2 {[#]} (22. a4 $142) 22... d5 $1 $19 {[%mdl 512]} 23. exd5 Nf6 24. Bb3 Bb5 25. O-O Bxd3 26. Re1 Rfd8 27. Rc1 Rxc1 28. Nxc1 Be4 $36 {[%mdl 2048] White must now prevent ...Qc8. Black has strong initiative.} 29. f3 {[#]} Bxd5 (29... Bf5 $1 $19 {Strongly threatening ...d3.} 30. Qe2 d3) 30. Nd3 (30. Bxd5 $17 Nxd5 31. Rxe5) 30... Qxa3 31. Bxd5 Nxd5 ({Don't play} 31... Rxd5 32. Qc1 $17) 32. Nxe5 {Threatens to win with Nc6.} Qc3 {aiming for ...d3.} ({Inferior is} 32... Nxb4 33. Nc4 $14) 33. Ng4 $2 (33. Nd3) 33... d3 34. Re5 f5 35. f4 fxg4 36. Qxg4 Qc1+ 37. Kg2 Ne3+ {Precision: White = 21%, Black = 75%.} 0-1

[Event "11th Chennai Open-GM 2019"]
[Site "Chennai"]
[Date "2019.01.20"]
[Round "4"]
[White "Tran, Minh Thang"]
[Black "Karthik Venkataraman"]
[Result "0-1"]
[WhiteElo "2355"]
[BlackElo "2515"]
[Annotator "TA"]
[PlyCount "70"]
[EventDate "2019.01.18"]
[EventType "swiss"]
[EventCountry "IND"]
[SourceTitle "playchess.com"]
[Source "ChessBase"]
[SourceQuality "1"]

{[%evp 9,70,0,21,0,23,22,10,22,8,-21,0,-38,-45,-46,-39,-33,-39,-59,19,0,0,-16,-16,-16,0,-33,-27,-29,-34,-39,-33,-142,-144,-180,-152,-225,-187,-175,-170,-170,-180,-526,-518,-566,-556,-579,-354,-498,-501,-483,-377,-377,-377,-363,-336,-809,-799,-7356,-6598,-29981,-29982,-29996,-29997]} 1. Nf3 c5 2. c4 Nc6 3. b3 e5 4. Nc3 (4. Bb2 e4 5. Ng1 Nf6 6. Nc3 Be7 7. g3 O-O 8. Bg2 Re8 9. Nh3 d5 10. cxd5 Nxd5 11. Nxe4 Bf5 12. Nc3 {0-1 (31) Svidler,P (2759)-Vachier Lagrave,M (2798) Biel 2016}) 4... f5 5. g3 Nf6 6. Bb2 {A30: Symmetrical English: Double Fianchetto and Hedgehog} Be7 7. Bg2 $146 ({Predecessor:} 7. Bh3 d6 8. a3 Bd7 9. e3 h6 10. Nh4 Qc8 11. Nd5 {½-½ (26) Chamba,A (1990)-Moissonnier,N (1820) Loire 2004}) 7... O-O 8. d3 {The position is equal.} d6 9. Nd2 Be6 10. a3 d5 11. cxd5 Nxd5 12. O-O Qd7 13. Nc4 Bf6 ({Black should play} 13... f4 $15) 14. Nxd5 Bxd5 15. Bxd5+ Qxd5 16. e4 Qd7 17. Ne3 (17. b4 $5) 17... Rad8 18. Nd5 Ne7 19. Nxe7+ Bxe7 20. Bxe5 {[#]} (20. exf5 $15 Qxf5 21. Qe2) 20... fxe4 $1 $17 ({Much worse is} 20... Qxd3 $6 21. Re1 $11) 21. Qd2 ({Don't go for} 21. dxe4 $2 Qe6 $19) 21... Qxd3 22. Qb2 (22. Qxd3 $17 exd3 23. Rfe1) 22... e3 23. Rae1 exf2+ 24. Rxf2 Bg5 $36 {[%mdl 2048] Black is on the roll.} 25. Rfe2 $2 (25. Rxf8+ {is a better chance.} Rxf8 26. Qe2 Qxe2 27. Rxe2) 25... Bd2 $19 26. Bxg7 Bxe1 27. Rxe1 Rf7 28. Be5 (28. Bh6 $142) 28... Qf3 {[#] ( -> ...Rd1)} 29. Qc2 Re8 {aiming for ...Rxe5!} 30. Qxc5 Qf5 31. Qd4 h5 32. Qa1 $2 (32. Qf4) 32... Rfe7 33. Bc3 Qc5+ 34. Kh1 Rxe1+ 35. Bxe1 Re2 {Precision: White = 26%, Black = 67%.} 0-1

[Event "11th Chennai Open-GM 2019"]
[Site "Chennai"]
[Date "2019.01.20"]
[Round "4"]
[White "Babiy, Olga"]
[Black "Popov, Ivan"]
[Result "0-1"]
[WhiteElo "2275"]
[BlackElo "2588"]
[Annotator "TA"]
[PlyCount "96"]
[EventDate "2019.01.18"]
[EventType "swiss"]
[EventCountry "IND"]
[SourceTitle "playchess.com"]
[Source "ChessBase"]
[SourceQuality "1"]

{[%evp 9,96,26,26,31,31,29,26,36,35,33,35,37,28,19,25,-11,-11,-10,-10,-16,-11,-43,-16,-16,-20,-20,-25,-27,-19,-19,-12,-15,-15,-18,-17,-12,-9,-30,-20,-45,-41,-37,-36,-39,-35,-42,-32,-57,-33,-83,-33,-83,-89,-100,-104,-211,-189,-321,-320,-329,-317,-316,-325,-330,-330,-338,-355,-269,-271,-471,-468,-368,-372,-615,-595,-2670,-2562,-2245,-1585,-4382,-4325,-3703,-3500,-2389,-2141,-3971,-3978,-6522,-6422]} 1. e4 c6 2. d4 d5 3. exd5 cxd5 4. Bd3 Nc6 5. c3 e6 {LiveBook: 8 Games} 6. Bf4 {B13: Caro-Kann: Exchange Variation and Panov-Botvinnik Attack} (6. Nf3 Bd6 7. O-O Nge7 8. Re1 O-O 9. Na3 f6 10. Nb5 Bb8 11. c4 Nb4 12. Bf1 dxc4 13. Bxc4 Nbd5 {0-1 (37) Anand,V (2773)-Ganguly,S (2615) Kolkata 2018}) 6... Bd6 7. Bxd6 Qxd6 8. Nf3 {White has an edge.} Nge7 9. O-O O-O 10. Re1 f6 $146 ({Predecessor:} 10... Ng6 11. Nbd2 Bd7 12. Ng5 Nce7 13. Qh5 h6 14. Nxf7 {1-0 (42) Lebrun,X (2162)-Plantet,M (1927) Montigny le Bretonneux 2007}) 11. c4 Nb4 12. Nc3 Nxd3 13. Qxd3 b6 14. Nb5 Qd7 15. Rac1 Ba6 {And now ...dxc4 would win.} 16. Qa3 Bxb5 17. cxb5 Rac8 18. g3 Rxc1 19. Rxc1 Rc8 20. Rxc8+ Nxc8 21. Qe3 Kf7 22. a4 Qc7 23. Qd3 h6 24. Kg2 Nd6 25. Nd2 Qc1 26. Qc3 Qxc3 27. bxc3 $15 {[%mdl 4096] Endgame KN-KN} e5 28. Kf3 Ke6 29. g4 f5 {[%cal Bf6f5,Bf5f4][%mdl 32]} 30. h3 g6 31. dxe5 Kxe5 32. Ke3 (32. gxf5 $17 gxf5 33. Nb3) 32... f4+ $19 33. Kd3 {[#]} (33. Ke2 $142) 33... Ne4 $1 34. Nf3+ Kd6 35. Nh4 Nxf2+ 36. Ke2 Ne4 ({Don't play} 36... Nxh3 37. Nxg6 Kc5 38. Ne5 $19) 37. Nxg6 Nxc3+ 38. Kf3 Nxa4 39. Nxf4 $2 (39. Kxf4 {was called for.} Nc3 40. h4 Nxb5 41. h5) 39... Nc3 40. h4 Nxb5 41. Ke3 $2 (41. g5 hxg5 42. hxg5) 41... Nc7 {Black is clearly winning.} 42. g5 hxg5 43. hxg5 Ke5 44. g6 Kf6 45. Kd3 a5 46. Kc2 b5 47. Kc3 {[#]} d4+ $1 48. Kc2 (48. Kxd4 Ne6+) 48... Ne6 {Accuracy: White = 42%, Black = 75%.} 0-1

[Event "11th Chennai Open-GM 2019"]
[Site "Chennai"]
[Date "2019.01.20"]
[Round "4"]
[White "Sai Vishwesh.C"]
[Black "Nguyen, Van Huy"]
[Result "0-1"]
[WhiteElo "2250"]
[BlackElo "2450"]
[Annotator "TA"]
[PlyCount "64"]
[EventDate "2019.01.18"]
[EventType "swiss"]
[EventCountry "IND"]
[SourceTitle "playchess.com"]
[Source "ChessBase"]
[SourceQuality "1"]

{[%evp 20,64,12,4,25,25,42,-31,26,-83,-87,-87,-85,-71,-52,-106,-101,-125,-123,-132,-133,-154,-148,-187,-191,-239,-208,-214,-187,-186,-187,-179,-185,-174,-165,-230,-214,-254,-249,-337,-345,-330,-334,-334,-307,-331,-331]} 1. e4 $146 (1. d4 Nf6 2. c4 e6 3. Nf3 c5 4. e3 cxd4 5. exd4 d5 {½-½ (46) Kamsky,G (2729)-Papaioannou,I (2597) Dresden 2008}) ({Predecessor:} 1. d4 Nf6 2. c4 e6 3. Nc3 Bb4 4. e3 O-O 5. Bd3 d5 6. Nf3 c5 7. O-O cxd4 8. exd4 dxc4 {0-1 (56) Tregubov,P (2617)-Tran,T (2455) Moscow 2015}) 1... c6 2. d4 d5 3. exd5 cxd5 4. c4 Nf6 5. Nc3 e6 6. Nf3 Bb4 7. Bd3 dxc4 8. Bxc4 O-O 9. O-O Nbd7 10. Bg5 h6 11. Bh4 Bxc3 {E54: Nimzo-Indian: Rubinstein: Main Line: 7...dxc4 8 Bxc4} (11... Qa5 12. Rc1 Bxc3 13. Rxc3 b5 14. Bb3 b4 15. Re3 Nd5 16. Re4 Bb7 17. Rfe1 N5f6 18. Rf4 Nh5 19. Rg4 {½-½ (46) Kamsky,G (2729)-Papaioannou,I (2597) Dresden 2008}) 12. bxc3 Qa5 13. Bb3 ({Better is} 13. Qb3 $14) ({Predecessor:} 13. Qb3 b6 14. Be2 Nd5 15. Rfc1 Nf4 16. Bf1 Bb7 17. Bg3 Qf5 18. Qb5 Nh3+ 19. Kh1 Qxb5 20. Bxb5 {0-1 (56) Tregubov,P (2617)-Tran,T (2455) Moscow 2015}) 13... b6 (13... Qxc3 $15 14. Re1 Qa5) 14. Ne5 (14. Re1 $11 {remains equal.}) 14... Nxe5 $17 15. dxe5 Qxe5 16. Re1 Qh5 ({Don't go for} 16... Qxc3 $2 17. Re3 $18) 17. Qd4 {[#]} (17. Qxh5 $15 Nxh5 18. Bd1) 17... Bb7 $1 $36 {[%mdl 2048] Black is in control.} 18. Bxf6 Qg6 {[%csl Gb7][%cal Rg6g2][%mdl 64] Double Attack} 19. f3 {Strongly threatening Be5.} Qxf6 20. Qd7 Rab8 21. Qa4 a5 ({Don't do} 21... Qxc3 22. Rac1 $17) 22. Rac1 Rfd8 23. Qb5 Rd6 24. Qe5 Qxe5 25. Rxe5 Rc8 26. c4 Ba6 27. f4 (27. Rc2 $142) 27... Rdc6 $19 28. f5 exf5 (28... Bxc4 29. Rxc4 Rxc4 30. Bxc4 $17) 29. c5 Rxc5 {Black has a decisive advantage.} 30. Rcxc5 Rxc5 ({Much less strong is} 30... bxc5 31. Rxf5 Rc7 32. Rd5 $19) 31. Re8+ Kh7 32. Bxf7 Bc4 {Accuracy: White = 31%, Black = 80%.} 0-1

[Event "11th Chennai Open-GM 2019"]
[Site "Chennai"]
[Date "2019.01.20"]
[Round "4"]
[White "Sai Vishwesh.C"]
[Black "Nguyen, Van Huy"]
[Result "*"]
[WhiteElo "2250"]
[BlackElo "2450"]
[Annotator "TA"]
[PlyCount "39"]
[EventDate "2019.01.18"]
[EventType "swiss"]
[EventCountry "IND"]
[SourceTitle "playchess.com"]
[Source "ChessBase"]
[SourceQuality "1"]

{[%evp 20,24,16,3,25,34,23]} 1. e4 c6 2. d4 d5 3. exd5 cxd5 4. c4 Nf6 5. Nc3 e6 6. Nf3 Bb4 7. Bd3 dxc4 8. Bxc4 O-O 9. O-O Nbd7 10. Bg5 h6 11. Bh4 {LiveBook: 28 Games} Bxc3 {E54: Nimzo-Indian: Rubinstein: Main Line: 7...dxc4 8 Bxc4} (11... Qa5 12. Rc1 Bxc3 13. Rxc3 b5 14. Bb3 b4 15. Re3 Nd5 16. Re4 Bb7 17. Rfe1 N5f6 18. Rf4 Nh5 19. Rg4 {½-½ (46) Kamsky,G (2729)-Papaioannou,I (2597) Dresden 2008}) 12. bxc3 Qa5 {Predecessor:} 13. Qb3 $146 b6 14. Be2 Nd5 15. Rfc1 Nf4 16. Bf1 Bb7 17. Bg3 Qf5 18. Qb5 Nh3+ 19. Kh1 Qxb5 20. Bxb5 {0-1 (56) Tregubov,P (2617)-Tran,T (2455) Moscow 2015} *

[Event "11th Chennai Open-GM 2019"]
[Site "Chennai"]
[Date "2019.01.20"]
[Round "4"]
[White "Elgabry, Mohsen"]
[Black "Khusenkhojaev, Muhammad"]
[Result "1-0"]
[WhiteElo "2245"]
[BlackElo "2455"]
[Annotator "TA"]
[PlyCount "99"]
[EventDate "2019.01.18"]
[EventType "swiss"]
[EventCountry "IND"]
[SourceTitle "playchess.com"]
[Source "ChessBase"]
[SourceQuality "1"]

{[%evp 17,99,0,5,-10,-6,-14,-9,-12,-7,-25,-14,-13,-7,-14,-14,-12,-14,-10,-10,-4,-13,-17,-30,0,0,-74,-50,-40,-46,-48,-41,-43,-41,-38,-27,-81,-30,-69,0,-108,95,78,89,79,92,98,74,2,61,0,57,0,135,135,143,128,455,437,455,446,427,427,449,452,449,443,435,435,435,429,429,363,350,334,683,673,699,669,689,672,648,632,594,571]} 1. b3 d5 2. Bb2 c5 3. e3 Nf6 4. Nf3 Nc6 5. d4 cxd4 6. exd4 {D04: Colle System} g6 (6... Bg4 7. Be2 Qa5+ 8. c3 Bxf3 9. Bxf3 g6 10. O-O Bg7 11. Nd2 O-O 12. c4 Rad8 13. Re1 e6 14. a3 dxc4 15. Bxc6 {0-1 (45) Alonso Alvarez,A (2306)-Van Wely,L (2650) Linares 2018}) 7. Be2 Bg7 8. O-O b6 9. Nbd2 O-O {LiveBook: 3 Games} 10. a3 Bb7 11. Bd3 Rc8 $146 ({Predecessor:} 11... Qc7 12. Re1 Rfd8 13. Qe2 e6 14. Rad1 Rac8 15. g3 Nd7 {½-½ (62) Martiska,P (2310)-Sorsak,J (2125) Topolcianky 1994}) 12. Re1 e6 13. Rc1 Qc7 14. Qe2 Rfd8 15. g3 Bh6 16. Rcd1 Ne7 17. c3 Nf5 18. Ne5 Nd6 19. Nb1 Bg7 20. f3 Nd7 21. Ng4 (21. a4 $11) 21... h5 22. Ne5 Nxe5 23. dxe5 Nf5 24. Bc1 Qc5+ 25. Kf1 d4 26. c4 (26. b4 $11 Qxe5 27. Qxe5 Bxe5 28. Bxf5 gxf5 29. Rxe5 Bxf3 30. Rde1) 26... a5 (26... Rc7 $17) 27. Bg5 Rd7 (27... Bh6 $15 28. Bxh6 Nxh6) 28. a4 {[#]} (28. Bxf5 $1 $11 gxf5 29. a4) 28... Bf8 $2 (28... Ne3+ $1 $17 {[%mdl 512] and life is bright.} 29. Bxe3 dxe3 30. Qxe3 Qxe3 31. Rxe3 Rcd8) 29. Bxf5 $1 $16 gxf5 30. Rd3 $1 Bg7 31. Nd2 Kh7 32. Kf2 (32. f4 $16) 32... Kg6 (32... Rh8 $11) 33. h4 (33. f4 $14) 33... Qc6 (33... Bh6 $11) 34. Rg1 ({White should play} 34. Kg2 $14) 34... Rf8 {[#]} (34... Qc5 $1 $11 {remains equal.} 35. f4 Bf8) 35. g4 $1 {[%cal Rg4f5]} fxg4 36. fxg4 {[%cal Bf3g4,Bg4h5,Bh5h6][%mdl 32]} f5 $2 {[%mdl 8192]} (36... Kh7 $16 {is tougher.}) 37. gxh5+ $18 Kh7 38. h6 Bh8 {[#] intending ...Rg8.} 39. Bf4 $1 {Qh5 is the strong threat.} Qc8 40. Qh5 {[%csl Gg1][%cal Rh5g6]} Qe8 41. Qg5 Rg8 42. Qxg8+ Qxg8 43. Rxg8 Kxg8 44. Rg3+ Kh7 45. h5 Bc6 $2 (45... d3 46. Ke3 Bc6) 46. Rg6 {White is clearly winning.} Re7 47. Nf3 Bxf3 48. Kxf3 d3 49. Ke3 Rd7 50. Rg2 {Precision: White = 62%, Black = 43%.} 1-0